1937 1383 1053 1480 1724 1244 1614 1673 1369 1236 1192 1475 1818 1044 1198 1349 1899 1848 1585 1300 1415 1241 1654 1100 1695 1038 1871 1660 1211 1176 1787 1544 1259 1638 1719 1153 1483 1162 1309 1159 1599 1891 1713 1158 1254 1333 1861 1727 1269 1964 1303 1122 1511 1924 1547 1825 1281 1616 1266 1918 1108 1561 1128 1088 1654 1386 1168 1743 1793 1500 1749 1485 1040 1023 1876 1827 1191 1953 1676 1718 1092 1286 1611 1941 1696 1743 1766 1474 1329 1112 1438 1188 1326 1950 1181 1331 1770 1534 1646 BCNSPRNW ULIB Ver.6.0+V

เปลี่ยนเป็นภาษาไทย

Change to English
 แสดงรายละเอียดบรรณานุกรม
  กลับหน้าหลัก

Brief Record : Get Marc (ISO 2709) : E-mail record : QR code < ปิดหน้าต่าง
LEADER : 00000nam 2200000uu 4500
001    13399126208
003     ULIB
008    180726s2018||||th 000 0 tha d
020    ^a9780323461580
060    ^aWY150^bI24M^cVol.2
100    ^aDonna D. Ignatavicius, M.Linda Workman, Cherie R. Rebar.
245    ^aMedical-Surgical Nursing Concepts For Interprofessional Collaborative care Volume 2.
250    ^a9th ed
260    ^aLouis, Missouri :^bElsevier Limited,^c2018
300    ^a831 pages;^b30 cm
650    ^aMedical-Surgical Nursing
945    ^p0^l0^i26425
999    ^aกัณชพร จุลอักษร
รายการนี้ยังไม่มีแท็ก
คุณยังไม่ได้ล็อกอิน คุณสามารถมีกิจกรรมร่วมกับเว็บไซต์ได้ แต่ต้องล็อกอินก่อน ::
  ล็อกอิน

รายการสื่อสารสนเทศ

ลำดับที่ ประเภท เลขเรียก/บาร์โค้ด สถานที่ สถานะ
1. วิทยาศาสตร์การแพทย์ และสุขภาพ
วิทยาศาสตร์การแพทย์ และสุขภาพ
WY150 I24M Vol.2 ฉ.1 
  Barcode: 26425
ห้องสมุดวิทยาเขตนครสวรรค์
►หนังสือทั่วไป:l:General Books
บนชั้น

รายการใกล้เคียง
    ชื่อเรื่อง [Medical-Surgical Nursing Concepts For Interprofessional Collaborative care Volume 2.]

    ผู้แต่ง [Donna D. Ignatavicius, M.Linda Workman, Cherie R. Rebar.]

    หัวเรื่อง [Medical-Surgical Nursing]

BibComment


ยังไม่เคยถูกคอมเมนท์

คอมเมนท์ทรัพยากรรายการนี้
  คอมเมนท์: MedicalSurgical ..


 Copyright 2026. Bcnsprnw @Library